<?xml version="1.0" encoding="UTF-8"?>
<record
    xmlns:xsi="http://www.w3.org/2001/XMLSchema-instance"
    xsi:schemaLocation="http://www.loc.gov/MARC21/slim http://www.loc.gov/standards/marcxml/schema/MARC21slim.xsd"
    xmlns="http://www.loc.gov/MARC21/slim">

  <leader>03156njm a2200505Ia 4500</leader>
  <controlfield tag="001">23934</controlfield>
  <controlfield tag="003">IT-RoPAU</controlfield>
  <controlfield tag="005">20220918181158.0</controlfield>
  <controlfield tag="008">131025s9999    xx            000 0 und d</controlfield>
  <datafield tag="040" ind1=" " ind2=" ">
    <subfield code="a">IT-RoPAU</subfield>
  </datafield>
  <datafield tag="040" ind1=" " ind2=" ">
    <subfield code="c">IT-RoPAU</subfield>
  </datafield>
  <datafield tag="041" ind1=" " ind2=" ">
    <subfield code="a">ITALIANO</subfield>
  </datafield>
  <datafield tag="999" ind1=" " ind2=" ">
    <subfield code="c">102740</subfield>
    <subfield code="d">102740</subfield>
  </datafield>
  <datafield tag="999" ind1=" " ind2=" ">
    <subfield code="b">n.d.</subfield>
  </datafield>
  <datafield tag="100" ind1=" " ind2=" ">
    <subfield code="a">AA.VV.</subfield>
    <subfield code="9">794</subfield>
  </datafield>
  <datafield tag="100" ind1=" " ind2=" ">
    <subfield code="e">Autore musica</subfield>
    <subfield code="9">7662</subfield>
  </datafield>
  <datafield tag="100" ind1=" " ind2=" ">
    <subfield code="g">Codice autore musica SPICS: 12000</subfield>
    <subfield code="9">796</subfield>
  </datafield>
  <datafield tag="245" ind1=" " ind2=" ">
    <subfield code="a">Canti della Patria (Lp Hit 30.218)</subfield>
  </datafield>
  <datafield tag="250" ind1=" " ind2=" ">
    <subfield code="a">1a ed.</subfield>
  </datafield>
  <datafield tag="260" ind1=" " ind2=" ">
    <subfield code="a">ITALIA</subfield>
  </datafield>
  <datafield tag="260" ind1=" " ind2=" ">
    <subfield code="b">HIT RECORDS</subfield>
  </datafield>
  <datafield tag="300" ind1=" " ind2=" ">
    <subfield code="a">DISCO</subfield>
  </datafield>
  <datafield tag="500" ind1=" " ind2=" ">
    <subfield code="a">Canti corali. Canti patriottici. Canti storici</subfield>
  </datafield>
  <datafield tag="505" ind1=" " ind2=" ">
    <subfield code="a">Inno di Mameli - Monte Grappa - Sul cappello che noi portiamo - O Dio del cielo - Testamento del capitano - Inno alla bandiera - V&#xE0; pensiero - Bandiera tricolore - Leggenda del Piave - Dove sei stato, mio bell'alpino - Le campane di San Giusto  - Inno sardo - Soldato ignoto - La bella Gigogin - Inno al fante - Inno di Garibaldi - Flic-Floc</subfield>
  </datafield>
  <datafield tag="511" ind1=" " ind2=" ">
    <subfield code="a">Orchestra e Coro Amici della Musica di Roma</subfield>
  </datafield>
  <datafield tag="650" ind1=" " ind2=" ">
    <subfield code="a">POPOLARE [DISCHI]</subfield>
    <subfield code="e">Codice MATERIA SPICS: 9950</subfield>
    <subfield code="9">7663</subfield>
  </datafield>
  <datafield tag="700" ind1=" " ind2=" ">
    <subfield code="a">Coro Amici della Musica-Roma</subfield>
    <subfield code="d">Codice interprete SPICS: 14063</subfield>
    <subfield code="e">Interprete</subfield>
    <subfield code="9">7664</subfield>
  </datafield>
  <datafield tag="700" ind1=" " ind2=" ">
    <subfield code="a">Novaro Michele</subfield>
    <subfield code="d">Codice autore musica SPICS: 14205</subfield>
    <subfield code="e">Autore musica</subfield>
    <subfield code="p">Inno di Mameli</subfield>
    <subfield code="9">7665</subfield>
  </datafield>
  <datafield tag="700" ind1=" " ind2=" ">
    <subfield code="a">Mameli Goffredo</subfield>
    <subfield code="d">Codice autore testo/musica SPICS: 13723</subfield>
    <subfield code="e">Autore testo/musica</subfield>
    <subfield code="p">Inno di Mameli</subfield>
    <subfield code="9">7666</subfield>
  </datafield>
  <datafield tag="700" ind1=" " ind2=" ">
    <subfield code="a">De Bono</subfield>
    <subfield code="d">Codice autore musica SPICS: 14207</subfield>
    <subfield code="e">Autore musica</subfield>
    <subfield code="p">Monte Grappa</subfield>
    <subfield code="9">7667</subfield>
  </datafield>
  <datafield tag="700" ind1=" " ind2=" ">
    <subfield code="a">Meneghetti</subfield>
    <subfield code="d">Codice autore testo/musica SPICS: 14208</subfield>
    <subfield code="e">Autore testo/musica</subfield>
    <subfield code="p">Monte Grappa</subfield>
    <subfield code="9">7668</subfield>
  </datafield>
  <datafield tag="700" ind1=" " ind2=" ">
    <subfield code="a">Anonimo</subfield>
    <subfield code="d">Codice autore musica SPICS: 2620</subfield>
    <subfield code="e">Autore musica</subfield>
    <subfield code="p">Sul cappello che noi portiamo - O Dio del cielo - Testamento del capitano - Bandiera tricolore - Dove sei stato, mio bell'alpino - La bella Gigogin</subfield>
    <subfield code="9">7669</subfield>
  </datafield>
  <datafield tag="700" ind1=" " ind2=" ">
    <subfield code="a">Lena</subfield>
    <subfield code="d">Codice autore musica SPICS: 14209</subfield>
    <subfield code="e">Autore musica</subfield>
    <subfield code="p">Inno alla bandiera</subfield>
    <subfield code="9">7670</subfield>
  </datafield>
  <datafield tag="700" ind1=" " ind2=" ">
    <subfield code="a">Bodini</subfield>
    <subfield code="d">Codice autore testo/musica SPICS: 14210</subfield>
    <subfield code="e">Autore testo/musica</subfield>
    <subfield code="p">Inno alla bandiera</subfield>
    <subfield code="9">7671</subfield>
  </datafield>
  <datafield tag="700" ind1=" " ind2=" ">
    <subfield code="a">Verdi Giuseppe</subfield>
    <subfield code="d">Codice autore musica SPICS: 89</subfield>
    <subfield code="e">Autore musica</subfield>
    <subfield code="p">V&#xE0; pensiero</subfield>
    <subfield code="9">7672</subfield>
  </datafield>
  <datafield tag="700" ind1=" " ind2=" ">
    <subfield code="a">Mario E.A. (Gaeta Giovanni)</subfield>
    <subfield code="d">Codice autore musica SPICS: 13440</subfield>
    <subfield code="e">Autore musica</subfield>
    <subfield code="p">Leggenda del Piave - Soldato ignoto</subfield>
    <subfield code="9">7673</subfield>
  </datafield>
  <datafield tag="700" ind1=" " ind2=" ">
    <subfield code="a">Drovetti</subfield>
    <subfield code="d">Codice autore musica SPICS: 14211</subfield>
    <subfield code="e">Autore musica</subfield>
    <subfield code="p">Le campane di San Giusto</subfield>
    <subfield code="9">7674</subfield>
  </datafield>
  <datafield tag="700" ind1=" " ind2=" ">
    <subfield code="a">Arona C.</subfield>
    <subfield code="d">Codice autore testo/musica SPICS: 14212</subfield>
    <subfield code="e">Autore testo/musica</subfield>
    <subfield code="p">Le campane di San Giusto - Inno sardo</subfield>
    <subfield code="9">7675</subfield>
  </datafield>
  <datafield tag="700" ind1=" " ind2=" ">
    <subfield code="a">Angius</subfield>
    <subfield code="d">Codice autore musica SPICS: 14213</subfield>
    <subfield code="e">Autore musica</subfield>
    <subfield code="p">Inno sardo</subfield>
    <subfield code="9">7676</subfield>
  </datafield>
  <datafield tag="700" ind1=" " ind2=" ">
    <subfield code="a">Zangavini</subfield>
    <subfield code="d">Codice autore musica SPICS: 14214</subfield>
    <subfield code="e">Autore musica</subfield>
    <subfield code="p">Inno al fante</subfield>
    <subfield code="9">7677</subfield>
  </datafield>
  <datafield tag="700" ind1=" " ind2=" ">
    <subfield code="a">Pettinato</subfield>
    <subfield code="d">Codice autore testo/musica SPICS: 14215</subfield>
    <subfield code="e">Autore testo/musica</subfield>
    <subfield code="p">Inno al fante</subfield>
    <subfield code="9">7678</subfield>
  </datafield>
  <datafield tag="700" ind1=" " ind2=" ">
    <subfield code="a">Olivieri Dino</subfield>
    <subfield code="d">Codice autore musica SPICS: 13481</subfield>
    <subfield code="e">Autore musica</subfield>
    <subfield code="p">Inno di Garibaldi</subfield>
    <subfield code="9">7679</subfield>
  </datafield>
  <datafield tag="700" ind1=" " ind2=" ">
    <subfield code="a">Mercantini Luigi</subfield>
    <subfield code="d">Codice autore testo/musica SPICS: 13728</subfield>
    <subfield code="e">Autore testo/musica</subfield>
    <subfield code="p">Inno di Garibaldi</subfield>
    <subfield code="9">7680</subfield>
  </datafield>
  <datafield tag="700" ind1=" " ind2=" ">
    <subfield code="a">Giorza P.</subfield>
    <subfield code="d">Codice autore musica SPICS: 14216</subfield>
    <subfield code="e">Autore musica</subfield>
    <subfield code="p">Flic-Floc</subfield>
    <subfield code="9">7681</subfield>
  </datafield>
  <datafield tag="942" ind1=" " ind2=" ">
    <subfield code="c">MD</subfield>
    <subfield code="2">ddc</subfield>
  </datafield>
  <datafield tag="952" ind1=" " ind2=" ">
    <subfield code="0">0</subfield>
    <subfield code="1">0</subfield>
    <subfield code="4">0</subfield>
    <subfield code="6">23934_000000000000000</subfield>
    <subfield code="7">1</subfield>
    <subfield code="a">SPICS</subfield>
    <subfield code="b">SPICS</subfield>
    <subfield code="d">2013-10-25</subfield>
    <subfield code="l">0</subfield>
    <subfield code="o">23934</subfield>
    <subfield code="r">2013-10-25 00:00:00</subfield>
    <subfield code="w">2013-10-25</subfield>
    <subfield code="y">MD</subfield>
    <subfield code="z">Progr. Ins.: 4781 / N.Vol.: 1 / Copie: 1 - Copia rara: n.d. / date import: 01.01.2014 - By Epidotti, Trombetti, Vaglietti</subfield>
  </datafield>
</record>
